[Event "2024 British Rapidplay Championship"]
[Site "Holiday Inn Peterborough - West"]
[Date "2024.03.02"]
[Round "2.24"]
[White "Burrows, Martin P"]
[Black "Sagues, Vincent"]
[Result "1/2-1/2"]
[WhiteFideId "409057"]
[BlackFideId "625680"]
[WhiteElo "2057"]
[BlackElo "1891"]
[EventDate "2024.03.02"]

1. e4 d5 2. exd5 Qxd5 3. Nc3 Qd8 4. d4 Nf6 5. Nf3 Bg4 6. h3 Bxf3 7. Qxf3 c6 8. Be3
e6 9. Bd3 Nbd7 10. O-O-O Bb4 11. Ne2 Nd5 12. c4 Nxe3 13. fxe3 Qa5 14. Kb1 O-O 15.
c5 Qd8 16. Rhf1 Qe7 17. Ng3 Ba5 18. Ne4 b6 19. cxb6 Bxb6 20. h4 c5 21. dxc5 Nxc5
22. Nxc5 Bxc5 23. Qe4 f5 24. Qc4 Kh8 25. e4 Rab8 26. exf5 exf5 27. Rde1 Qf6 28. b3
Ba3 29. Re2 Rbc8 30. Qa6 Qxa6 31. Bxa6 Rc6 32. Bc4 Rb8 33. Kc2 g6 34. Rd1 Rd6 35.
Rde1 Rd7 36. h5 Kg7 37. hxg6 hxg6 38. Re6 Rbd8 39. R6e2 Bb4 40. Rf1 Rd2+ 41. Kb1
Rxe2 1/2-1/2

[Event "2024 British Rapidplay Championship"]
[Site "Holiday Inn Peterborough - West"]
[Date "2024.03.02"]
[Round "2.25"]
[White "Nicholas, Koichi B"]
[Black "Hryshchenko, Kamila"]
[Result "0-1"]
[WhiteFideId "409820"]
[BlackFideId "14147491"]
[WhiteElo "1987"]
[BlackElo "2118"]
[EventDate "2024.03.02"]

1. e4 g6 2. d4 Bg7 3. Nc3 d6 4. Be3 c6 5. Qd2 b5 6. Bd3 Nd7 7. h3 a6 8. f4 e5 9.
fxe5 dxe5 10. d5 c5 11. Nf3 Ngf6 12. O-O Qc7 13. Bh6 O-O 14. Bxg7 Kxg7 15. Qe3 b4
16. Nb1 c4 17. Be2 a5 18. Nbd2 Ba6 19. c3 Rfb8 20. Rab1 Ne8 21. Ng5 Nef6 22. Qg3
h6 23. Ngf3 Nh5 24. Qf2 Nf4 25. Kh2 f6 26. Ne1 bxc3 27. bxc3 Rxb1 28. Nxb1 Rb8 29.
Nc2 Rb2 30. Nba3 Qc5 31. Qxc5 Nxc5 32. Bf3 Kf7 33. Ne3 Rxa2 34. Naxc4 Ra4 35. Nb6
Bxf1 36. Nxa4 Nxa4 37. Nxf1 Nxc3 38. Nd2 Nd3 39. Nc4 a4 40. Bg4 Nxe4 41. Be6+ Ke7
42. Bg8 Ndc5 43. Bh7 Nd6 44. Nxd6 Kxd6 45. Bxg6 e4 0-1

[Event "2024 British Rapidplay Championship"]
[Site "Holiday Inn Peterborough - West"]
[Date "2024.03.02"]
[Round "2.26"]
[White "Mikalajunas, Kajus"]
[Black "McCarthy, Kevin C"]
[Result "1-0"]
[WhiteFideId "483621"]
[BlackFideId "470775"]
[WhiteElo "2042"]
[BlackElo "1974"]
[EventDate "2024.03.02"]

1. d4 e6 2. e4 d5 3. exd5 exd5 4. Bd3 Nf6 5. Nf3 Bd6 6. O-O O-O 7. Re1 Bg4 8. h3
Bh5 9. Nbd2 Nbd7 10. Nf1 c6 11. Ne3 Re8 12. b3 Qc7 13. Bb2 Ne4 14. a3 Ndf6 15. c4
Rad8 16. cxd5 Nxf2 17. Kxf2 Bg3+ 18. Kf1 Bxe1 19. Qxe1 Bxf3 20. gxf3 Qh2 21. Qf2
Qh1+ 22. Ke2 Qxh3 23. Kd2 Qh6 24. f4 Rxe3 25. Qxe3 Nxd5 26. Qf2 Nxf4 27. Kc2 Nd5
28. Re1 b5 29. Qf3 g6 30. Be4 Qg5 31. Bc1 Qh4 32. Rh1 Qe7 33. Bxd5 cxd5 34. Rh2 a5
35. Re2 Qd6 36. Kb2 a4 37. b4 Rc8 38. Bh6 Qc6 39. Qe3 Qd7 40. Qe5 f6 41. Qxf6 Qf7
42. Qe5 Qc7 43. Qxd5+ Qf7 44. Qxf7+ Kxf7 45. d5 Rd8 46. Rf2+ Ke8 47. Rf8+ Kd7 48.
Rxd8+ Kxd8 49. Kc3 1-0

[Event "2024 British Rapidplay Championship"]
[Site "Holiday Inn Peterborough - West"]
[Date "2024.03.02"]
[Round "2.27"]
[White "Fava, Lorenzo"]
[Black "Toma, Katarzyna"]
[Result "0-1"]
[WhiteFideId "2837434"]
[BlackFideId "1119907"]
[WhiteElo "1913"]
[BlackElo "2122"]
[EventDate "2024.03.02"]

1. Nf3 Nf6 2. b3 d6 3. Bb2 e5 4. e3 g6 5. d4 e4 6. Nfd2 Bg7 7. c4 h5 8. Nc3 Bf5 9.
Be2 O-O 10. h3 h4 11. Bg4 Qd7 12. Ndxe4 Nxg4 13. hxg4 Bxg4 14. f3 Bh5 15. Rxh4 f5
16. Ng3 Qe7 17. Rh1 Qxe3+ 18. Qe2 Qg5 19. Nxh5 gxh5 20. Nd5 Nc6 21. f4 Qg3+ 22. Kf1
Rae8 23. Qxh5 Qd3+ 24. Kg1 Re6 25. Rh3 Qe4 26. Qh7+ Kf7 27. Rg3 Rg8 28. Qh5+ Kf8
29. Re3 Bxd4 30. Qe2 Bxe3+ 31. Kf1 Nd4 32. Bxd4 Bxd4 0-1

[Event "2024 British Rapidplay Championship"]
[Site "Holiday Inn Peterborough - West"]
[Date "2024.03.02"]
[Round "2.28"]
[White "Jermy, Jaden"]
[Black "Leung, Hao Ran"]
[Result "0-1"]
[WhiteFideId "459496"]
[BlackFideId "6012620"]
[WhiteElo "1978"]
[BlackElo "1865"]
[EventDate "2024.03.02"]

1. d4 Nf6 2. c4 e6 3. Nf3 d5 4. g3 Be7 5. Bg2 O-O 6. Qc2 dxc4 7. Qxc4 a6 8. Bf4 Nd5
9. O-O Nxf4 10. gxf4 b5 11. Qc2 Bb7 12. Nbd2 Nc6 13. e3 Nb4 14. Qd1 c5 15. Nb3 c4
16. Nbd2 Rc8 17. a3 Nd5 18. Ne5 f6 19. Nef3 c3 20. bxc3 Nxc3 21. Qb3 Bd5 22. Qb2
Na4 23. Qb1 Qa5 24. f5 Nc3 25. Qd3 exf5 26. Qxf5 Bf7 27. Ne4 Nxe4 28. Qxe4 Bxa3 29.
d5 Rcd8 30. Qd3 b4 31. e4 Rd6 32. Nd4 g6 33. Nc6 Qb6 34. Qb3 Rxc6 35. Rfb1 Qd4 36.
Qa4 Rc3 37. Qxa6 Rc2 38. Rf1 Qc4 39. Rxa3 bxa3 40. Qxa3 Rc8 41. Qe7 Qd4 42. Qa3 Qc5
43. Qf3 Qc3 44. Qf4 Rc1 45. h4 Rxf1+ 46. Bxf1 Qe5 47. Qg4 Re8 48. Bg2 f5 49. exf5
Qxf5 50. Qd4 Qe5 51. Qa4 Qe1+ 52. Kh2 Qxf2 53. d6 Qd2 54. Qd7 Qf4+ 55. Kh3 Re3+ 0-1

[Event "2024 British Rapidplay Championship"]
[Site "Holiday Inn Peterborough - West"]
[Date "2024.03.02"]
[Round "2.29"]
[White "Manley, Jon P"]
[Black "Pink, Joshua"]
[Result "0-1"]
[WhiteFideId "403296"]
[BlackFideId "424790"]
[WhiteElo "2160"]
[BlackElo "1891"]
[EventDate "2024.03.02"]

1. e4 d6 2. d4 f5 3. Nc3 Nf6 4. exf5 Bxf5 5. Bd3 Qd7 6. Nge2 Nc6 7. O-O Nb4 8. Bb5
c6 9. Ba4 g6 10. a3 Nbd5 11. Nxd5 Nxd5 12. Ng3 Bg7 13. c4 Nb6 14. Nxf5 Qxf5 15. Bc2
Qf6 16. c5 Nd5 17. cxd6 Qxd6 18. Bb3 O-O 19. Be3 Kh8 20. Qc2 Rad8 21. Rad1 Nf4 22.
Rfe1 Qf6 23. Qe4 Nd5 24. Rf1 Rfe8 25. Qg4 Qd6 26. Rfe1 Nf6 27. Qh4 Nd5 28. Bh6 Rf8
29. Bxg7+ Kxg7 30. Qe4 Rf4 31. Qe2 Rf7 32. f3 Qf6 33. Qe4 Rd7 34. Qe5 Qxe5 35. dxe5
e6 36. Rd2 Rf5 37. Bc2 Rf8 38. Red1 Rfd8 39. Kf2 g5 40. Be4 Nb6 41. Rxd7+ Rxd7 42.
Rxd7+ Nxd7 43. b3 Nxe5 44. Ke3 h6 45. Kd4 Nd7 46. a4 Kf6 47. a5 e5+ 48. Kc4 Ke6 49.
a6 b5+ 50. Kb4 Kd6 51. Ka5 Nc5 52. Bc2 Ne6 53. Bd1 Kc5 54. Be2 Nd4 55. Bd1 h5 56.
g3 h4 57. gxh4 gxh4 58. h3 Ne6 59. Be2 Nf4 60. Bf1 Nd5 61. Bd3 Kd4 62. Bh7 Kc3 63.
Bg6 Kxb3 64. Be8 Ne7 65. Bd7 Kc3 66. Be6 b4 67. Ka4 c5 68. Kb5 b3 69. Bxb3 Kxb3 70.
Kxc5 Kc3 71. Kd6 Ng6 72. Kc6 Nf4 73. Kb7 Nd5 74. Kxa7 Nc7 75. Kb6 Nxa6 0-1

[Event "2024 British Rapidplay Championship"]
[Site "Holiday Inn Peterborough - West"]
[Date "2024.03.02"]
[Round "2.30"]
[White "Hng, Mei-En Emmanuelle"]
[Black "Khoury, Theo"]
[Result "0-1"]
[WhiteFideId "5804566"]
[BlackFideId "480703"]
[WhiteElo "1974"]
[BlackElo "1968"]
[EventDate "2024.03.02"]

1. Nf3 d5 2. c4 dxc4 3. e3 Nf6 4. Bxc4 e6 5. O-O c5 6. d4 Nc6 7. Nc3 a6 8. a4 Be7
9. Ne5 cxd4 10. Nxc6 bxc6 11. exd4 O-O 12. Be3 Qc7 13. Rc1 Rd8 14. Qf3 Bb7 15. Ne4
c5 16. Bd3 Qb8 17. Nxf6+ Bxf6 18. Qh5 g6 19. Qxc5 Bd5 20. b4 Qb7 21. f3 Rdc8 22.
Qa5 Rcb8 23. Rc7 Qxb4 24. Qxb4 Rxb4 25. Be4 Bxd4 26. Bxd4 Rxd4 27. Bxd5 exd5 28.
Rb1 Rxa4 29. Rbb7 Rf4 30. Kf2 a5 31. g3 Rf6 32. Ra7 Rb8 33. Rc2 Rb3 34. f4 g5 35.
Rxa5 gxf4 36. g4 Rh6 37. Kg2 f3+ 38. Kg3 f2+ 39. Kg2 Rxh2+ 0-1

[Event "2024 British Rapidplay Championship"]
[Site "Holiday Inn Peterborough - West"]
[Date "2024.03.02"]
[Round "2.31"]
[White "Larchikov, Maksym"]
[Black "Middleton, Tom"]
[Result "1-0"]
[WhiteFideId "34120815"]
[BlackFideId "402834"]
[WhiteElo "1981"]
[BlackElo "1947"]
[EventDate "2024.03.02"]

1. d4 Nf6 2. c4 e6 3. Nf3 Bb4+ 4. Bd2 Qe7 5. e3 a5 6. Bd3 Bxd2+ 7. Qxd2 d6 8. e4
Nc6 9. Nc3 e5 10. dxe5 Nxe5 11. Nxe5 dxe5 12. Nd5 Nxd5 13. cxd5 Qb4 14. Rc1 Qxd2+
15. Kxd2 Kd8 16. Rc3 b6 17. Rhc1 Ra7 18. Bb5 Bd7 19. Bxd7 Kxd7 20. Rf3 f6 21. a4
Rb7 22. Rb3 Rhb8 23. Rb5 Rc8 24. Rc6 Rd8 25. Rb3 Rdb8 26. Rg3 g6 27. Rxf6 b5 28.
Rf7+ Kd6 29. Rc3 c5 30. Rxb7 Rxb7 31. Rb3 b4 32. Kd3 Rf7 33. f3 g5 34. Kc4 Rb7 35.
Rd3 h5 36. b3 h4 37. g3 Rb8 38. Re3 Rb7 39. gxh4 gxh4 40. Re2 Rf7 41. Rf2 h3 42.
Kb5 Rg7 43. f4 Rg2 44. Rf3 exf4 45. Rxh3 Ke5 46. Rh6 Kxe4 47. d6 Rd2 48. Kc6 f3 49.
d7 f2 50. Rf6 Ke3 51. Re6+ Kf3 52. Rf6+ Kg2 53. Kxc5 Rxd7 54. Kb5 Rd5+ 55. Kc4 Rh5
56. Rg6+ Kxh2 57. Rf6 Kg1 58. Rg6+ Kh1 59. Rf6 Rh2 60. Rf5 Kg1 61. Kb5 Rh5 62. Rxh5
f1=Q+ 1-0

[Event "2024 British Rapidplay Championship"]
[Site "Holiday Inn Peterborough - West"]
[Date "2024.03.02"]
[Round "2.32"]
[White "Mokhber-Garcia, Sebastian"]
[Black "White, Stuart A"]
[Result "0-1"]
[WhiteFideId "499269"]
[BlackFideId "407747"]
[WhiteElo "1909"]
[BlackElo "2147"]
[EventDate "2024.03.02"]

1. e4 e6 2. d4 d5 3. exd5 exd5 4. Bd3 Bd6 5. Nf3 Nc6 6. O-O Nge7 7. h3 Be6 8. c3
Qd7 9. b4 f6 10. a4 g5 11. Re1 g4 12. Nh4 gxh3 13. g3 O-O-O 14. a5 Rdg8 15. Kh2 Rg4
16. Rxe6 Qxe6 17. Bf5 Nxf5 18. Qxg4 Nce7 19. Nxf5 Nxf5 20. Qxh3 h5 21. Bf4 Bxf4 22.
gxf4 Qe4 23. Nd2 Qxf4+ 24. Kh1 Rg8 25. Rg1 Rxg1+ 26. Kxg1 Qg4+ 27. Qxg4 hxg4 28.
Kg2 Kd7 29. Nf1 Ke6 30. Nh2 Nh6 31. Kg3 Kf5 32. Kh4 Kf4 33. Kh5 Ng8 34. Kg6 f5 35.
Kf7 g3 36. fxg3+ Kxg3 37. Nf1+ Kf2 38. Nd2 Ke2 39. Nb1 f4 40. c4 Kd3 41. cxd5 f3
42. Na3 f2 43. Nb5 f1=Q+ 44. Kxg8 Qg2+ 45. Kh8 Qxd5 46. Nxa7 Qxd4+ 47. Kg8 Qxa7 48.
Kf8 c5 49. bxc5 Qxc5+ 50. Ke8 Kd4 51. Kd7 Qc6+ 52. Kd8 Kd5 53. a6 bxa6 54. Ke7 Qd6+
55. Kf7 Ke5 56. Kg8 Qe7 57. Kh8 Kf6 0-1

[Event "2024 British Rapidplay Championship"]
[Site "Holiday Inn Peterborough - West"]
[Date "2024.03.02"]
[Round "2.33"]
[White "Ashton, Adam G"]
[Black "Jackson, Sheila"]
[Result "1-0"]
[WhiteFideId "410110"]
[BlackFideId "402508"]
[WhiteElo "2345"]
[BlackElo "1986"]
[EventDate "2024.03.02"]

1. e4 e5 2. Nf3 Nc6 3. Bb5 Nf6 4. d3 d6 5. c3 Bd7 6. O-O Be7 7. Re1 O-O 8. Nbd2 a6
9. Ba4 b5 10. Bc2 Re8 11. Nf1 h6 12. Ng3 Bf8 13. h3 Na5 14. d4 c5 15. d5 c4 16. b4
cxb3 17. axb3 Nb7 18. b4 Qc7 19. Bd2 a5 20. Bd3 axb4 21. cxb4 Ra4 22. Qe2 Qb6 23.
Rac1 Rea8 24. Rc2 Ra1 25. Rec1 Rxc1+ 26. Rxc1 Ra2 27. Qe3 Qxe3 28. Bxe3 Ne8 29. Nd2
g6 30. Ne2 f5 31. Nc3 Rb2 32. Rb1 Rxb1+ 33. Ndxb1 fxe4 34. Nxe4 Kf7 35. Na3 Nc7 36.
Nc3 h5 37. Naxb5 Ne8 38. Ne4 Bf5 39. Nbc3 Ke7 40. Bg5+ Kf7 41. Bb5 Be7 42. Be3 Nc7
43. Bc4 Bd7 44. Ba7 Ne8 45. Ba6 Bc8 46. Bb8 Bd8 47. Bxb7 Bxb7 48. Bxd6 Bf6 1-0

[Event "2024 British Rapidplay Championship"]
[Site "Holiday Inn Peterborough - West"]
[Date "2024.03.02"]
[Round "2.34"]
[White "Surtees, Mike J"]
[Black "Patel, Zain"]
[Result "0-1"]
[WhiteFideId "412619"]
[BlackFideId "469246"]
[WhiteElo "2035"]
[BlackElo "1828"]
[EventDate "2024.03.02"]

1. e4 c6 2. Ne2 d5 3. e5 e6 4. d4 c5 5. c3 Nc6 6. a3 Bd7 7. b4 cxd4 8. cxd4 Rc8 9.
Be3 Nge7 10. Ng3 Nf5 11. Nxf5 exf5 12. Qd2 Qb6 13. Ra2 Nxb4 14. Rb2 Nc2+ 15. Qxc2
Rxc2 16. Rxb6 axb6 17. Bd3 Rc8 18. Bd2 Ra8 19. Bc1 Be7 20. Bb2 f6 21. O-O fxe5 22.
dxe5 O-O 23. e6 Bxe6 24. Re1 Bf6 25. Rxe6 Bxb2 26. Rxb6 Bxa3 27. Rxb7 Rfc8 28. g3
Rab8 29. Rxb8 Rxb8 30. Nxa3 Rb3 31. Bxf5 Rxa3 32. Be6+ Kf8 33. Bxd5 Ke7 34. Kg2 Kf6
35. h3 Ke5 36. Bb7 g5 37. Bc6 Kd4 38. h4 gxh4 39. gxh4 Ke5 40. Bf3 Kf4 41. Bd1 Rd3
42. Bc2 Rd7 43. Ba4 Rg7+ 44. Kh3 Kf3 45. h5 Kxf2 46. Bc2 Kf3 47. h6 Rc7 48. Bd1+
Kf4 49. Kh4 Rc1 50. Bg4 Rh1 51. Bh3 Rh2 0-1

[Event "2024 British Rapidplay Championship"]
[Site "Holiday Inn Peterborough - West"]
[Date "2024.03.02"]
[Round "2.35"]
[White "Banerjee, Supratit"]
[Black "Brocklehurst, Andrew"]
[Result "0-1"]
[WhiteFideId "2410079"]
[BlackFideId "424765"]
[WhiteElo "1962"]
[BlackElo "1896"]
[EventDate "2024.03.02"]

1. e4 c5 2. c3 d6 3. d4 cxd4 4. cxd4 e6 5. Nc3 Nf6 6. Nf3 Be7 7. Bd3 Nc6 8. O-O e5
9. d5 Nb8 10. Bd2 O-O 11. Rc1 Bg4 12. h3 Bh5 13. g4 Bg6 14. Qc2 Nbd7 15. Nh4 Rc8
16. Nxg6 hxg6 17. Be3 Nc5 18. Bxc5 dxc5 19. Qe2 a6 20. a4 Nh7 21. Kg2 Bg5 22. Rcd1
Qd7 23. Bc4 Qd6 24. Bd3 Bf4 25. Nb1 c4 26. Bxc4 f5 27. Nc3 fxg4 28. hxg4 Kh8 29.
b3 Rf6 30. Rd3 g5 31. Rh3 Kg8 32. Rfh1 Nf8 33. Rh8+ Kf7 34. Nd1 Rd8 35. Ne3 Bxe3
36. fxe3 Ng6 37. Rxd8 Qxd8 38. d6+ Kf8 39. Rd1 Nh4+ 40. Kg3 Qd7 41. b4 Ke8 42. Rd5
Kd8 43. Rxe5 Qxd6 44. Qd3 Rf3+ 45. Kh2 Qxd3 46. Bxd3 Rxe3 47. Rd5+ Kc7 48. b5 axb5
49. axb5 Kb6 50. Rd6+ Kc7 51. Rd5 Nf3+ 52. Kh1 Ne1 53. Bb1 Rg3 54. Rxg5 Kb6 55. Kh2
Rg2+ 56. Kh1 Rg3 57. Rg6+ Kxb5 58. Kh2 Rb3 59. Rxg7 b6 60. Ba2 Rb2+ 61. Kg3 Rxa2
62. g5 Rg2+ 63. Kf4 Nd3+ 64. Kf3 Rg1 65. Ke3 Ne5 66. Kf4 Nc6 67. g6 Kc5 68. e5 Rf1+
69. Ke4 Re1+ 70. Kf4 Nxe5 71. Rc7+ Kd6 72. g7 Rg1 73. Rb7 Nd7 74. Ra7 Rxg7 75. Ra1
Kc7 76. Kf5 Kc6 77. Ke6 Rg2 78. Re1 Nc5 79. Kf5 b5 80. Rc1 b4 81. Ke5 Kb5 82. Kd6
Rd2+ 83. Kc7 b3 84. Rb1 Kb4 85. Kc6 b2 86. Kb6 Na4+ 87. Kc6 Nc3 88. Rxb2+ Rxb2 89.
Kd6 Ne2 90. Ke5 Rd2 91. Kf5 Nc1 92. Kg4 Nb3 93. Kh3 Na1 94. Kg3 Re2 95. Kf3 Re8 96.
Kg2 Kc4 97. Kh1 Rg8 98. Kh2 Kd4 99. Kh3 Ke4 100. Kh4 Kf5 101. Kh3 Kf4 102. Kh2 Kf3
103. Kh1 Kf2 104. Kh2 Rh8 0-1

[Event "2024 British Rapidplay Championship"]
[Site "Holiday Inn Peterborough - West"]
[Date "2024.03.02"]
[Round "2.36"]
[White "Vaidyanathan, Adithya"]
[Black "Birtwistle, Nigel"]
[Result "0-1"]
[WhiteFideId "495450"]
[BlackFideId "406945"]
[WhiteElo "1805"]
[BlackElo "2114"]
[EventDate "2024.03.02"]

1. Nf3 c5 2. c3 g6 3. d4 cxd4 4. cxd4 Bg7 5. e4 d5 6. e5 Bg4 7. Nc3 Nc6 8. Be3 e6
9. Be2 Nge7 10. Qd2 O-O 11. Ng1 Bxe2 12. Ngxe2 Nf5 13. Bf4 Qb6 14. Rd1 f6 15. Na4
Qd8 16. Nc5 Qc8 17. exf6 Bxf6 18. Nb3 b6 19. g4 Nh4 20. Kf1 Qd7 21. Bg3 Nf3 22. Qd3
Ng5 23. a3 Ne4 24. Kg2 Rf7 25. f3 Nd6 26. h4 Raf8 27. Rdf1 Nc4 28. Qc3 Be7 29. Nd2
N6a5 30. Nxc4 Nxc4 31. f4 Nd6 32. Qd3 Ne4 33. Nc3 Nxg3 34. Kxg3 Bd6 35. Ne2 e5 36.
dxe5 Bxe5 37. b4 Bb8 38. Rf3 Re8 39. g5 Qe6 40. Rh2 Qe4 41. Qxe4 Rxe4 42. Rhf2 Rf5
43. Nc3 Rc4 44. Nb1 Rc1 45. Rf1 Rc2 46. R1f2 Rc4 47. Nd2 Rd4 48. Nb3 Rd1 49. Rf1
Rxf1 50. Rxf1 Be5 51. Rf3 Bb2 52. a4 Kf7 53. b5 Ke6 54. Re3+ Kd6 55. Re2 Bc3 56.
Kf3 Rf7 57. Re8 Bb2 58. Rd8+ Ke6 59. Re8+ Kd7 60. Ra8 Ke6 61. Re8+ Re7 62. Rxe7+
Kxe7 63. Nd2 Ke6 64. Nb3 Kf5 65. Nd2 Bc3 66. Nf1 Be1 67. Ne3+ Ke6 68. h5 gxh5 69.
f5+ Ke5 70. f6 Bb4 71. Nc2 Bc5 72. Ne1 Kf5 73. Nd3 Bd6 74. f7 Kxg5 75. Ne5 Kf6 76.
Nc6 Kxf7 77. Nxa7 Ke6 78. Nc6 Bc5 79. Nd8+ Ke5 80. Nf7+ Kd4 81. Nd8 Kc4 82. Nc6 Kb3
83. a5 bxa5 84. Nxa5+ Kb4 85. Nc6+ Kxb5 86. Ne5 Kb4 87. Nd3+ Kc4 88. Ke2 d4 89. Nf4
h4 90. Nh3 Kc3 91. Nf2 Kc2 92. Kf3 Bb4 93. Ke2 h5 94. Nd3 Bd6 95. Ne1+ Kc3 96. Nd3
Bg3 97. Nc5 h3 98. Ne4+ Kc2 99. Nxg3 d3 100. Kf2 d2 101. Nf1 h2 102. Ne3+ Kd3 103.
Kg2 Kxe3 104. Kxh2 d1=Q 105. Kg2 Qf3+ 106. Kg1 Qe2 107. Kh1 Kf3 108. Kg1 Qg2# 0-1

[Event "2024 British Rapidplay Championship"]
[Site "Holiday Inn Peterborough - West"]
[Date "2024.03.02"]
[Round "2.37"]
[White "Keohane, Benedict A"]
[Black "Cancedda-Dupuis, Livio"]
[Result "0-1"]
[WhiteFideId "433950"]
[BlackFideId "499447"]
[WhiteElo "1855"]
[BlackElo "1960"]
[EventDate "2024.03.02"]

1. Nf3 d5 2. b3 Nf6 3. Bb2 c5 4. d3 Nc6 5. g3 e6 6. Nbd2 Bd6 7. e4 d4 8. Nc4 e5 9.
Nxd6+ Qxd6 10. Bg2 O-O 11. O-O h6 12. Nh4 Qe7 13. Nf5 Qc7 14. Qf3 Bxf5 15. exf5 Rfe8
16. Rfe1 Re7 17. Ba3 Qa5 18. Bb2 Rae8 19. Qe2 Qc7 20. Bc1 Nb4 21. a3 Nbd5 22. Bd2
Nb6 23. Qf3 Nc8 24. g4 e4 25. dxe4 Nxe4 26. Bf4 Ng5 27. Bxc7 Rxe1+ 28. Rxe1 Rxe1+
29. Bf1 Nxf3+ 30. Kg2 Ne5 31. h3 f6 32. f4 Nc6 33. Bc4+ Kf8 34. Be6 Rxe6 35. fxe6
f5 36. gxf5 N6e7 37. Kf3 Nxf5 38. Ke4 g6 39. Kd5 Ne3+ 40. Kxc5 Nxc2 41. Kc4 Ke7 42.
a4 Kxe6 43. Kd3 Na1 44. b4 Kd5 45. Be5 Nb3 46. h4 h5 47. Kc2 Kc4 48. b5 a6 49. bxa6
bxa6 50. Bc7 Ne7 51. Be5 Nd5 52. Bd6 d3+ 53. Kd1 0-1

[Event "2024 British Rapidplay Championship"]
[Site "Holiday Inn Peterborough - West"]
[Date "2024.03.02"]
[Round "2.38"]
[White "Zhao, George"]
[Black "Botteley, Michael T"]
[Result "1/2-1/2"]
[WhiteFideId "494607"]
[BlackFideId "427411"]
[WhiteElo "1909"]
[BlackElo "1896"]
[EventDate "2024.03.02"]

1. d4 f5 2. c4 Nf6 3. g3 e6 4. Bg2 d5 5. cxd5 exd5 6. Nf3 Bd6 7. Nc3 c6 8. O-O O-O
9. Qc2 Qe7 10. Nd2 Ne4 11. Ndxe4 fxe4 12. f3 exf3 13. exf3 Na6 14. a3 Bf5 15. Qd1
Rae8 16. b4 b5 17. Bb2 Qf6 18. Kh1 Nc7 19. Qd2 Ne6 20. Rad1 Ng5 21. Rfe1 Bh3 22.
f4 Bxg2+ 23. Qxg2 Nf7 24. Qc2 Re7 25. Rxe7 Qxe7 26. Rd2 Re8 27. Re2 Qd7 28. Kg2 Nh6
29. h3 g6 30. Rxe8+ Qxe8 31. Qe2 Qf7 32. Nb1 Nf5 33. Nd2 Qe7 34. Qxe7 Bxe7 35. Kf3
Nd6 36. g4 Kf7 37. Bc1 Ke6 38. Bb2 Bf6 39. Nb3 Nc4 40. Bc1 Be7 41. Nd2 Nd6 42. Bb2
Nc4 43. Nxc4 bxc4 44. Bc3 Bd8 45. Ke3 Bc7 46. a4 a6 47. a5 Bd6 48. Kf3 Kf6 49. Ke3
Ke6 1/2-1/2

[Event "2024 British Rapidplay Championship"]
[Site "Holiday Inn Peterborough - West"]
[Date "2024.03.02"]
[Round "2.39"]
[White "Killeen, Robert T"]
[Black "Southcott-Moyers, Indy"]
[Result "0-1"]
[WhiteFideId "343444466"]
[BlackFideId "488542"]
[WhiteElo "1945"]
[BlackElo "1993"]
[EventDate "2024.03.02"]

1. e4 c6 2. Nc3 d5 3. Nf3 dxe4 4. Nxe4 Nf6 5. Qe2 Nxe4 6. Qxe4 Nd7 7. Bc4 Nf6 8.
Ne5 e6 9. Qe2 b5 10. Bb3 Qc7 11. d4 Bd6 12. O-O O-O 13. f4 a5 14. a4 Ba6 15. Rd1
b4 16. Bc4 Bxc4 17. Qxc4 c5 18. Be3 Nd5 19. Bf2 Nxf4 20. Re1 Qb7 21. Nf3 Nh3+ 22.
gxh3 Qxf3 23. Re3 Bxh2+ 0-1

[Event "2024 British Rapidplay Championship"]
[Site "Holiday Inn Peterborough - West"]
[Date "2024.03.02"]
[Round "2.40"]
[White "Lees, Nicholas"]
[Black "Hutchinson, Paul A"]
[Result "0-1"]
[WhiteFideId "444073"]
[BlackFideId "411558"]
[WhiteElo "1802"]
[BlackElo "2064"]
[EventDate "2024.03.02"]

1. d4 g6 2. Bf4 Nf6 3. e3 Bg7 4. Nf3 d6 5. Be2 O-O 6. O-O Nbd7 7. Nbd2 Re8 8. c3
e5 9. dxe5 dxe5 10. Bg5 h6 11. Bxf6 Qxf6 12. Qc2 Qe7 13. Bc4 Kh7 14. h4 Nf6 15. Qb3
Rf8 16. Rad1 c6 17. a4 Ne8 18. Bd3 Bg4 19. Rc1 Bxf3 20. gxf3 Rd8 21. Qc2 Qd6 22.
Bxg6+ Qxg6+ 23. Qxg6+ fxg6 24. Ne4 Nf6 25. Nc5 Rf7 26. Rcd1 Rxd1 27. Rxd1 Bf8 28.
Ne6 Be7 29. Kg2 Kg8 30. b4 Nd5 31. Rd3 Bxh4 32. b5 Nc7 33. Nd8 Bxd8 34. Rxd8+ Kg7
35. c4 a6 36. bxc6 bxc6 37. Rd6 Ne8 38. Rxc6 Rc7 39. Rxa6 Rxc4 40. Re6 Kf7 41. Ra6
Rc7 42. Kg3 Rb7 43. Ra5 Ke6 44. Ra6+ Nd6 45. e4 Rd7 46. Kg4 Kf7 47. Ra5 Re7 48. Ra6
Nc4 49. f4 Re6 50. Ra7+ Kf6 51. a5 h5+ 52. Kg3 exf4+ 53. Kxf4 g5+ 54. Kf3 Ke5 55.
Rh7 Rf6+ 56. Kg2 Nxa5 57. Rxh5 Kf4 58. f3 Nc4 59. Rh3 Ne5 60. Kf2 Ra6 61. Rh5 Ra2+
62. Kf1 Nxf3 63. Rh7 Kxe4 64. Re7+ Kf4 65. Re4+ Kf5 66. Rb4 Ne5 67. Kg1 g4 68. Kf1
Kg5 69. Kg1 Kh4 70. Rb5 Nd3 71. Rb1 Ne5 72. Rb7 Kg3 73. Rb3+ Nf3+ 74. Kf1 Ra1+ 75.
Ke2 Re1+ 76. Kd3 Re8 77. Kc2 Kg2 78. Kd1 g3 79. Rb6 Re1+ 80. Kc2 Kf2 81. Kd3 g2 82.
Rb2+ Kg3 83. Rb7 Ne5+ 84. Kd2 g1=Q 85. Rg7+ Ng4 0-1

[Event "2024 British Rapidplay Championship"]
[Site "Holiday Inn Peterborough - West"]
[Date "2024.03.02"]
[Round "2.41"]
[White "Lalic, Susan K"]
[Black "Keerthi Kumar, Advait"]
[Result "1-0"]
[WhiteFideId "401510"]
[BlackFideId "498033"]
[WhiteElo "2059"]
[BlackElo "1838"]
[EventDate "2024.03.02"]

1. e4 c5 2. Nf3 Nc6 3. Bb5 g6 4. O-O Bg7 5. Re1 a6 6. Bxc6 bxc6 7. c3 Nf6 8. d3 O-O
9. Be3 c4 10. e5 Ng4 11. dxc4 Nxe5 12. Nxe5 Bxe5 13. Bd4 Bg7 14. Bxg7 Kxg7 15. Qd4+
Kg8 16. Nd2 d6 17. Qh4 e5 18. Qh6 Bf5 19. Nf3 Qf6 20. c5 d5 21. Rxe5 Rfe8 22. Rae1
Be4 23. Rxe8+ Rxe8 24. Ng5 Qg7 25. Qxg7+ Kxg7 26. f3 f6 27. Nh3 f5 28. fxe4 fxe4
29. Kf2 Rb8 30. b4 a5 31. a3 h6 32. Ke3 g5 33. Rf1 Ra8 34. Kd4 axb4 35. axb4 Re8
36. b5 cxb5 37. Kxd5 e3 38. c6 e2 39. Re1 Kf6 40. c7 g4 41. Ng1 h5 42. Rxe2 Rc8 43.
Ke4 1-0

[Event "2024 British Rapidplay Championship"]
[Site "Holiday Inn Peterborough - West"]
[Date "2024.03.02"]
[Round "2.42"]
[White "Crawford, Owen"]
[Black "Brett, Andrew R"]
[Result "1-0"]
[WhiteFideId "343409393"]
[BlackFideId "416460"]
[WhiteElo "1917"]
[BlackElo "2119"]
[EventDate "2024.03.02"]

1. e4 e5 2. Nf3 Nc6 3. Bc4 Nf6 4. d3 h6 5. O-O d6 6. c3 g5 7. Re1 Bg7 8. a4 O-O 9.
b4 g4 10. Nfd2 d5 11. exd5 Nxd5 12. Ne4 Kh8 13. Qb3 Nce7 14. Ng3 Kh7 15. Nd2 f5 16.
Ndf1 c6 17. a5 a6 18. Bd2 Ng6 19. Rad1 Ngf4 20. Ne2 Ng6 21. Neg3 Ngf4 22. Ne2 Ne6
23. Neg3 Ng5 24. Bc1 Bh8 25. d4 e4 26. Ne2 Ne6 27. Bxd5 cxd5 28. Nf4 Nxf4 29. Bxf4
Be6 30. Nd2 Rc8 31. Qb2 Qd7 32. Nb3 Rc4 33. Nc5 Qc6 34. Qd2 Bg8 35. Rb1 Rf7 36. Rb3
Bg7 37. b5 axb5 38. Reb1 Bf8 39. Be3 Bd6 40. g3 Bc7 41. Rxb5 h5 42. Bf4 Bd8 43. Nxb7
Rxc3 44. Nxd8 Qc4 45. Nxf7 Bxf7 46. Rc5 1-0

[Event "2024 British Rapidplay Championship"]
[Site "Holiday Inn Peterborough - West"]
[Date "2024.03.02"]
[Round "2.43"]
[White "Dupuis, Denis K"]
[Black "Rich, Aaron"]
[Result "1-0"]
[WhiteFideId "452980"]
[BlackFideId "499951"]
[WhiteElo "1934"]
[BlackElo "1767"]
[EventDate "2024.03.02"]

1. e4 c5 2. Nc3 Nc6 3. f4 g6 4. Nf3 Bg7 5. Bc4 e6 6. O-O Nge7 7. Qe1 a6 8. a4 b6
9. d3 Bb7 10. Qh4 Na5 11. Ba2 Nec6 12. Qh3 Nb4 13. Rf2 Rc8 14. f5 Nxa2 15. Nxa2 c4
16. fxe6 dxe6 17. Ng5 Rc7 18. Be3 cxd3 19. cxd3 Nb3 20. Nxe6 Bc8 21. Nxg7+ Kf8 22.
Qh6 Kg8 23. Rd1 Qf8 24. Nf5 gxf5 25. Qg5+ Qg7 26. Qd8+ Qf8 27. Qxc7 h6 28. Qxb6 Be6
29. exf5 Bd5 30. Nc3 Qa8 31. Ne4 Qc6 32. Qxc6 Bxc6 33. Rc2 Bxa4 34. Rc8+ Kg7 35.
f6+ Kh7 36. Rxh8+ Kxh8 37. Re1 Bb5 38. Bxh6 Kh7 39. Bf4 Nd4 40. Nd6 Bxd3 41. Kf2
Ne6 42. Kg3 Bg6 43. Rxe6 fxe6 44. f7 Kg7 45. Bh6+ 1-0